000 00845nam a2200289 i 4500
001 bg
100 1 _aHeller, Joseph
_d(1923-1999).
245 1 0 _aParagraf 22 /
_cJoseph Heller ; przekł. Lech Jęczmyk.
246 1 _aParagraf dwadzieścia dwa
246 1 _iTyt. oryg.:
_aCathh-22
260 _aKraków :
_b"Mediasat Poland",
_c[2005].
300 _a477 s. ;
_c22 cm.
490 1 _aKolekcja Gazety Wyborczej : XX wiek ;
_v39
500 _aTyt. oryg.: "Catch-22".
650 9 _aPowieść amerykańska
_y20 w.
700 1 _aJęczmyk, Lech
_d(1936- ).
_eTł.
830 0 _aKolekcja Gazety Wyborczej ;
_v39
020 _a8389651874
020 _a8497898788
040 _cBPK
041 1 _apol
_heng
044 _aPOL
080 _a821.111(73)-3
920 _a83-89651-87-4
942 _cKS
008 s pl f |000 0 pol
999 _c55676
_d55676
856 _uhttp://koha.tu.koszalin.pl/cgi-bin/koha/opac-detail.pl?biblionumber=55676
_yKatalog online BPK